000 00319nam a2200133 i 4500
001 bg
100 1 _aACHENBACH, J. W.
245 0 _aWave Propagation in Elastic Solids /
_cJ.W. Achenbach.
260 _aAmsterdam,
_c1973.
040 _cBPK
041 _apol
942 _cKS
008 s pl f |000 0 pol
999 _c15821
_d15821
856 _uhttp://koha.tu.koszalin.pl/cgi-bin/koha/opac-detail.pl?biblionumber=15821
_yKatalog online BPK